000 00531nam a22001817a 4500
005 20170524151215.0
010 _aENG- 118384
020 _a9788192557304
_c450.00
035 _aEN-101916
037 _bDBAD/PUB
082 _a363.34
100 _aO.P.Varmani
245 _aDisaster management in india /
_cby O.P. Varmani
260 _aNew Delhi
_bPawan publication
_c2016
270 _aH-1/48 Bengali Colony, Mahaveer Enclave, New Delhi- 45
300 _a152p.
_c22cm (Hb)
942 _2ddc
_cEN
_h363.34
_mVAR
999 _c140412
_d140412